Score 0/12 Timer 03:00
1 Play Today
Song Title 4-Letter Missing Word % Correct
The A _____Team
91.2%
Give Me _____Love
90.3%
____ You Were HereWish
85.8%
____ HouseLego
82.5%
Small ____Bump
69.5%
____ Me UpWake
62%
_____ MeKiss
53.4%
____ CoffeeCold
49.8%
Little ____Bird
46.5%
Be ____ YouLike
43.9%
Where We _____Land
20.8%
_____ DownFall
16.1%

Today's Daily Dose

Remove Ads.
Support Sporcle.
Get the best of Sporcle when you Go Orange. This ad-free experience offers more features, more stats, and more fun while also helping to support Sporcle. Thank you for becoming a member.

You're not logged in!

Compare scores with friends on all Sporcle quizzes.
OR
Log In

Show Comments

Extras

Top Quizzes Today


Score Distribution

Your Account Isn't Verified!

In order to create a playlist on Sporcle, you need to verify the email address you used during registration. Go to your Sporcle Settings to finish the process.

Report this User

Report this user for behavior that violates our Community Guidelines.

Details: